000 00860nam a2200253Ia 4500
003 OSt
005 20220923212944.0
006 a|||||r|||| 00| 0
007 ta
008 220922b |||||||| |||| 00| 0 hin d
024 _a157,364
037 _cTextual
040 _aARTS
_cARTS
_bhin
041 _2hin
_ahin
082 _aO152:g, L9
100 _aमिश्र, छविनाथ
_9156318
245 0 _aआधुनिक व्यंगय का स्त्रोत और स्वरूप
246 _aĀdhunik vyangaya kā strot aur svarūpa
260 _aदिल्ली
_b क्लासिकल पब्लि
_c1979
300 _a80 पृ.
_ccm.
650 _aहिन्दी साहित्य
_9156264
942 _hO152:g, L9
_cTEXL
_2CC
999 _c312581
_d312581